Statistics for The "Big Five" Orchestras of the United States

Click here to take the quiz!

General Stats

  • This quiz has been taken 50 times
  • The average score is 4 of 5

Answer Stats

FoundedOrchestra% Correct
1842New York Philharmonic
98%
1881Boston Symphony Orchestra
96%
1891Chicago Symphony Orchestra
92%
1900Philadelphia Orchestra
81%
1918Cleveland Orchestra
73%

Score Distribution

Percentile by Number Answered

Percent of People with Each Score

Your Score History

You have not taken this quiz